000 00682nam a22002770a 4500
001 PT34624
003 AR-LpoUNG
005 20210131230208.0
008 191001s2006||||ag |||||||||||||||||spa d
020 _a987129400X
_c$9.80
040 _aAR-LpoUNG
_bspa
_cAR-LpoUNG
_eaacr
041 _aspa
044 _aag
082 0 _aA861 893cua
100 1 _aRozenmacher, Lucas
245 1 3 _aEl cuadrado en la pluma
250 _a1ra ed.
260 _aBuenos Aires :
_bAurelia Rivera,
_c2006.
300 _a60 p. :
_bil.
650 4 _aARGENTINA
650 4 _aLITERATURA
650 4 _aPOESIA
651 4 _aDOCUMENTOS TEORICOS O METODOLOGICOS
905 _a34624
942 _cLIB
999 _c2034
_d2034